000 00853nam a2200241Ii 4500
003 JO-AjNU
008 230605s9999||||xx |||||||||||||| ||und||
017 _a2010/5838
020 _a978-977-389-088-9
040 _aJO-AjNU
_bara
_erda
_cJO-AjNU
041 _aara
050 1 4 _aQA 76 .76 .O63 A286 2009
100 3 _aابو العطا، مجدي محمد,
_eauthor
_944615
245 0 0 _a  Microsoft Windows Vista المرجع الأساسي لمستخدمي
250 _aط1
264 3 1 _aمصر: كمبيوساينس ، 2009
300 _a712ص
336 _atext
_btxt
_2rdacontent
337 _aunmediated
_bn
_2rdamedia
338 _avolume
_bnc
_2rdacarrier
490 0 _a سلسلة تيسير علوم الحاسب، مجموعة كتب الحاسب الشخصي ؛ 150 
650 4 _aقواعد البيانات- حاسوب
_944616
999 _aA19277
_c22845
_d22845